Entry Personal Name
Number of records used in: 1
001 - CONTROL NUMBER
003 - CONTROL NUMBER IDENTIFIER
005 - DATE AND TIME OF LATEST TRANSACTION
- control field:
20230923141412.0
008 - FIXED-LENGTH DATA ELEMENTS
- fixed length control field:
940622n| acannaab |n aaa
010 ## - LIBRARY OF CONGRESS CONTROL NUMBER
- LC control number:
n 94059749
040 ## - CATALOGING SOURCE
- Original cataloging agency:
DLC
- Transcribing agency:
DLC
- Modifying agency:
DLC
100 10 - HEADING--PERSONAL NAME
- Personal name:
Aggoun, Lakhdar
670 ## - SOURCE DATA FOUND
- Source citation:
Hidden Markov models, 1994:
- Information found:
CIP t.p. (Lakhdar Aggoun) galley (Dept. of Statistics & Applied Probability, Univ. of Alberta, Edmonton, Alta., Canada)
670 ## - SOURCE DATA FOUND
- Source citation:
Measure theory and filtering, 2004:
- Information found:
CIP t.p. (Lakhdar Aggoun) info. sheet (b. Feb. 15, 1952)